Largest Landlocked Countries Quiz Stats

 Plays Quiz Updated Mar 28, 2013

Challenge
Share
Tweet
Embed
Score 0/16 Timer 04:00
19 Plays Today
Country % Correct
Mongolia
89.2%
Kazakhstan
80.9%
Chad
79.1%
Bolivia
74.3%
Niger
73.6%
Paraguay
69.2%
Uzbekistan
68.1%
Afghanistan
67%
Country % Correct
Mali
66.5%
Central African Republic
66.3%
Turkmenistan
65.6%
South Sudan
58.7%
Zimbabwe
55.8%
Zambia
54.7%
Botswana
53.8%
Ethiopia
50.5%

You're not logged in!

Compare scores with friends on all Sporcle quizzes.
Join for Free
OR
Log In

You Might Also Like...

Show Comments

Extras

Top Quizzes Today


Score Distribution

Your Account Isn't Verified!

In order to create a playlist on Sporcle, you need to verify the email address you used during registration. Go to your Sporcle Settings to finish the process.

Report this User

Report this user for behavior that violates our Community Guidelines.

Details: